000 00432nam a2200157Ia 4500
008 210716s2009 xx 000 0 und d
020 _a9788131723739
041 _aeng
082 _a519.5068 RENB
100 _aRender, Barry;Stair, Ralph M;Hnna, Michael E;Badri, T N.
245 _aQuantitative analysis for management.
250 _a10
260 _aNew Delhi
_bPearson Education
_c2009
300 _axix,744
650 _aNone
999 _c204737
_d204737